000
00251nam a2200109Ia 4500
008
231129s9999||||xx |||||||||||||| ||spa||
040
_b
spa
082
_a
344.07861 E79
245
0
_a
Estatuto laboral del educador
264
_a
Legis
942
_2
ddc
_c
BKS
999
_c
13531
_d
13531